| 000 | 00509nam a2200169Ia 4500 | ||
|---|---|---|---|
| 008 | 230917s9999||||xx |||||||||||||| ||und|| | ||
| 020 | _cRS 1895.00 | ||
| 040 |
_e5006182 _aMAIN |
||
| 041 | _aEnglish | ||
| 082 | _a551.490954 T325G | ||
| 100 | _aThangarajan, M | ||
| 245 | 0 | _aGroundwater flow and mass transport modeling: Theory and applications | |
| 260 |
_aNew Delhi _bCapital Publishing Company _c2007 |
||
| 300 | _axiv, 381 p. | ||
| 500 | _a4005 29/01/2020 CBP20/735 29/01/2020 Main Budget | ||
| 942 | _cBK | ||
| 999 |
_c1636 _d1636 |
||